Bloodstoppers & bearwalkers; (Record no. 4808)
[ view plain ]
| 000 -LEADER | |
|---|---|
| fixed length control field | 00469cam a22001451 4500 |
| 005 - DATE AND TIME OF LATEST TRANSACTION | |
| control field | 20250901165505.0 |
| 008 - FIXED-LENGTH DATA ELEMENTS--GENERAL INFORMATION | |
| fixed length control field | 720427s1952 xx 000 0 eng |
| 010 ## - LIBRARY OF CONGRESS CONTROL NUMBER | |
| LC control number | 52005394 |
| 050 00 - LIBRARY OF CONGRESS CALL NUMBER | |
| Classification number | GR 110.M6 D6 |
| Item number | D6 |
| 100 1# - MAIN ENTRY--PERSONAL NAME | |
| Personal name | Dorson, Richard M. |
| Fuller form of name | (Richard Mercer), |
| Dates associated with a name | 1916-1981. |
| 245 10 - TITLE STATEMENT | |
| Title | Bloodstoppers & bearwalkers; |
| Remainder of title | folk traditions of the Upper Peninsula. |
| 260 ## - PUBLICATION, DISTRIBUTION, ETC. | |
| Place of publication, distribution, etc. | Cambridge, |
| Name of publisher, distributor, etc. | Harvard University Press, |
| Date of publication, distribution, etc. | 1952. |
| 300 ## - PHYSICAL DESCRIPTION | |
| Extent | 305 p. |
| Other physical details | ports. |
| Dimensions | 22 cm. |
| 942 ## - ADDED ENTRY ELEMENTS (KOHA) | |
| Source of classification or shelving scheme | Dewey Decimal Classification |
| Withdrawn status | Lost status | Source of classification or shelving scheme | Damaged status | Not for loan | Home library | Current library | Shelving location | Date acquired | Total checkouts | Full call number | Barcode | Date last seen | Price effective from | Koha item type |
|---|---|---|---|---|---|---|---|---|---|---|---|---|---|---|
| Library of Congress Classification | Main Library | Main Library | 05/13/2021 | GR 110.M6 D6 | PIU0009018B | 05/13/2021 | 05/13/2021 | Books |